000 01345cam a22003738i 4500
999 _c534545
_d534545
001 20791125
003 NUST
005 20200302120813.0
008 181226s2019 enk b 001 0 eng
010 _a 2018060438
020 _a9781108492782 (hardback)
038 _awaseem
040 _aDLC
_beng
_erda
_cDLC
042 _apcc
050 0 0 _aTK7876.5
_b.M45 2019
082 0 0 _a621.3848
_bMIL
245 0 0 _aMillimeter-wave circuits for 5G and radar /
_cedited by Gernot Hueber, Silicon Austria Labs, Austria, Ali M. Niknejad, University of California, Berkeley.
263 _a1902
264 1 _aCambridge, United Kingdom ;
_aNew York, NY, USA :
_bCambridge University Press,
_c2019.
300 _apages cm.
336 _atext
_btxt
_2rdacontent
337 _aunmediated
_bn
_2rdamedia
338 _avolume
_bnc
_2rdacarrier
490 0 _aThe Cambridge RF and microwave engineering series
504 _aIncludes bibliographical references and indexes.
650 0 _aMillimeter wave devices.
_928750
650 0 _aWireless communication systems
_xEquipment and supplies.
_9400
650 0 _aRadar circuits.
_928751
700 1 _aHueber, Gernot,
_d1972-
_928752
700 1 _aNiknejad, Ali M.,
_d1972-
_928753
906 _a7
_bcbc
_corignew
_d1
_eecip
_f20
_gy-gencatlg
942 _2ddc
_cBK